Statistics for Diplomatic Missions of Montenegro

Click here to take the quiz!

General Stats

  • This quiz has been taken 26 times
  • The average score is 60 of 67

Answer Stats

MissionAnswer% Correct
CountryAlbania
100%
CountryBosnia and Herzegovina
100%
CountryFrance
100%
CountryGermany
100%
CountryItaly
100%
EmbassyRome
100%
EmbassyRome
100%
CountrySerbia
100%
CountryTurkey
100%
CountryUkraine
100%
CountryUnited Kingdom
100%
CountryUnited States of America
100%
EmbassyAnkara
95%
CountryAustria
95%
CountryBelgium
95%
EmbassyBerlin
95%
CountryChina
95%
CountryCroatia
95%
Permanent MissionGeneva
95%
Permanent MissionGeneva
95%
CountryGreece
95%
CountryHoly See
95%
CountryHungary
95%
Consulate GeneralIstanbul
95%
EmbassyKiev
95%
EmbassyLondon
95%
Permanent MissionNew York
95%
Consulate GeneralNew York City
95%
EmbassyParis
95%
CountryPoland
95%
CountryRussia
95%
CountrySpain
95%
EmbassyTirana
95%
CountryUnited Arab Emirates
95%
EmbassyWashington D.C.
95%
EmbassyAbu Dhabi
89%
EmbassyAthens
89%
EmbassyBeijing
89%
EmbassyBelgrade
89%
MissionBrussels
89%
RepresentationBrussels
89%
EmbassyBrussels
89%
EmbassyBudapest
89%
CountryBulgaria
89%
CountryKosovo
89%
EmbassyMadrid
89%
EmbassyMoscow
89%
CountryNorth Macedonia
89%
CountryRomania
89%
EmbassySarajevo
89%
CountrySlovenia
89%
Permanent MissionVienna
89%
EmbassyVienna
89%
EmbassyWarsaw
89%
EmbassyZagreb
89%
EmbassyBucharest
84%
Consulate GeneralFrankfurt
84%
EmbassyLjubljana
84%
EmbassyPristina
84%
EmbassySofia
84%
Permanent MissionStrasbourg
84%
EmbassySkopje
79%
CountrySovereign Military Order of Malta
68%
CountryArgentina
53%
EmbassyBuenos Aires
47%
Representative OfficePodgorica
21%
Consulate GeneralSremski Karlovci
16%

Score Distribution

Percentile by Number Answered

Percent of People with Each Score

Your Score History

You have not taken this quiz